000 00856 a2200265 4500
003 CBULib
005 20250130092840.0
008 250130b |||||||| |||| 00| 0 eng d
020 _a9781071800133
040 _bEnglish
_cCBULib
_erda
050 _aLB 1078 Ten
100 _aHattie, John
_eeditor
245 _a10 mindframes for leaders : the visible learning approach to school success
_c/ by John Hattie
260 _bSAGE,
_c2021
_aThousand Oaks :
300 _axi, 128 pages
336 _2rdacontent
_aText |
_btxt
337 _2rdamedia
_aUnmediated |
_bn
338 _2rdacarrier
_aVolume
_bnc
500 _aIncludes bibliographical references and index
650 0 _94322
_aVISIBLE LEARNING
650 0 _93761
_aEDUCATIONAL LEADERSHIP
650 0 _94323
_aACADEMIC ACHIEVEMENT
700 _94324
_aSmith, Raymond L.
_eeditor
942 _2lcc
_c002
999 _c85974
_d85974